Biblioteca

The Reproach of the gospel (Registro nro. 46330)

Detalles MARC
000 -LÍDER
Campo fijo de descripción fija 011970000a22002770004500
001 - NÚMERO DE CONTROL
Campo de control 19974
003 - IDENTIFICADOR DEL NÚMERO DE CONTROL
Campo de control CO-MdFUSB
005 - FECHA Y HORA DE LA ULTIMA TRANSACCIÓN
control field 20180509105034.0
008 - ELEMENTOS DE LONGITUD FIJA -- INFORMACIÓN GENERAL
Campo fijo de descripción fija -- Información general 180509t1907 enk||||g |||| 00| 0 eng d
040 ## - FUENTE DE CATALOGACIÓN
Agencia de catalogación original CO-MdFUSB
Idioma de catalogación spa
Agencia que realiza la transcripción CO-MdFUSB
Agencia que realiza la modificación CO-MdFUSB
Convenciones de la descripción rda
041 ## - CÓDIGO DE IDIOMA
Código de idioma para texto/pista de sonido o título separado eng
082 04 - NÚMERO DE CLASIFICACIÓN DECIMAL DEWEY
Número de clasificación 24
Número de la edición del Dewey G 261.6
Clave de autor-Numero de item P377r
100 1# - ASIENTO PRINCIPAL--NOMBRE PERSONAL
Nombre personal Peile, James H. F.
Término relacionador autor
245 14 - TÍTULO
Título del Material The Reproach of the gospel
Parte restante del título - Subtitulo : An inquiry into the apparent failure of Christianity as a general rule of life and conduct, with special reference to the present time
Mención de responsabilidad, etc. / James H. F. Peile
264 #1 - PRODUCCIÓN, PUBLICACIÓN, DISTRIBUCIÓN, MANUFACTURA, Y COPYRIGHT
Lugar de producción, publicación, distribución, manufactura London :
Nombre del productor, publicador, distribuidor Longmans, Green, and Co.,
Fecha de producción, publicación, distribución, manufactura, o copyright ℗1907
300 ## - DESCRIPCIÓN FÍSICA
Extensión xxiii, 199 páginas
Otros detalles físicos :
Dimensiones ;
336 ## - TIPO DE CONTENIDO
Fuente rdacontent
Término de tipo de contenido texto
Código de tipo de contenido txt
337 ## - TIPO DE MEDIO
Fuente rdamedia
Nombre del tipo de medio sin mediación
Código del tipo de medio n
338 ## - TIPO DE SOPORTE
Fuente rdacarrier
Nombre del tipo de soporte volumen
Código Tipo de soporte nc
490 4# - MENCIÓN DE SERIE
Mención de serie The Bampton Lectures
505 0# - NOTA DE CONTENIDO
Nota de contenido con formato preestablecido Los datos -- La base histórica de la fe cristiana -- La necesidad espiritual de la humanidad -- Guerra y comercio -- Cuestiones sociales -- La anarquía no es la curación -- El cristianismo como una fuerza revolucionaria -- Algunas consideraciones prácticas
563 ## - NOTA DE ENCUADERNACIÓN
Nota de encuadernación Pasta dura
650 #7 - ASIENTO SECUNDARIO DE MATERIA - TERMINO TEMÁTICO
9 (RLIN) 388
Término temático o nombre geográfico como elemento de entrada Religión y cultura
942 ## - TIPO DE MATERIAL (KOHA)
Tipo de Item KOHA Libros General
Existencias
Estado de Material Estado de Perdido Forma de Clasificación Estado de Dañado No para Préstamo Colección Tomo Biblioteca de Origen Biblioteca Permanente Fecha de Adquisición Total de Préstamos Signatura Topográfica Código de Barras Última vez visto Ejemplar/Existencia Fecha de Remplazo Tipo de Material
    Dewey Decimal Classification     Colección Patrimonial   Biblioteca FUSBC Biblioteca FUSBC 02/06/2015   G 261.8 P377r 20951 12/12/2019 Ej. 1 26/01/2016 Libros General

Biblioteca FUSBC | Teléfono: (57+4) 349 88 10 Ext. 141| WhatsApp (+57) 3005338115 
E-mail: biblioteca@unisbc.edu.co | Calle 76 87-14 Robledo Palenque, Medellín, Colombia

Con tecnología Koha